Телеграмма Нижне-Волжского крайкома ВКП/б/ и Союза животноводческих совхозов о снабжении продовольствием рабочих мясосовхозов

Доступно только в Электронных читальных залах Найти на картеНа карте
RUSMARC
00004155nac2a22002893x 450
00139a51824-311e-4b78-b4a0-7aa52515039a
00520230111113847.0
100##$a20221117l19311931k y0rusy50 ca
1010#$arus
102##$aRU
105##$ay z |||||
1222#$ad19310430
$ad19311231
2001#$aТелеграмма Нижне-Волжского крайкома ВКП/б/ и Союза животноводческих совхозов о снабжении продовольствием рабочих мясосовхозов
$jАпрель - 1931
215##$a3 листа
251##$cДело
300##$aВ деле имеются телеграммы
300##$aНумерация начинается с конца дела
300##$aЧасть текста машинописная, часть - напечатана типографским способом
324##$aВ деле имеются копии отдельных документов
461#0$1001796d4672-8a00-4986-b488-6e42273792cc
$12001
$aЦЕНТРАЛЬНЫЙ ИСПОЛНИТЕЛЬНЫЙ КОМИТЕТ СССР (ЦИК СССР).
$1251
$cФонд
$1852
$gР
$j3316
462#0$100158bf05d7-460a-41ec-bd21-5c4fde193abd
$12001
$aДела Секретариата Президиума ЦИК Союза ССР. 1931 г.
$vД. 701
$1251
$cОпись
$1852
$j24
60101$3RU\NLR\AUTH\880357276
$aСССР
$bЦИК
60102$aНижне-Волжский крайком ВКП(б)
60102$3RU\NLR\AUTH\889966032
$aСоюз рабочих животноводческих совхозов СССР
801#0$aRU
$bGA_RF
801#1$aRU
$bГлавНИВЦ
$c20221117
$2rusmarc
801#2$aRU
$bПБ им. Б.Н. Ельцина
$c20230111
$gRCR
$2rusmarc
852##$aГА РФ
$j701
937##$d181970080
$hГАРФ
035##$aRuPRLIB51070138
856##$uhttp://readingroom.main.prlib.ru/item.aspx?id_node=n181970080&mode=full
Формат отображения